[Event "Krakow op-A 34th"]
[Site "Krakow"]
[Date "2023.12.28"]
[Round "2"]
[White "Balint, Peter1"]
[Black "Baumegger, Siegfried"]
[Result "1/2-1/2"]
[WhiteElo "2187"]
[BlackElo "2388"]
[PlyCount "40"]
[EventDate "2023.12.27"]
[EventType "swiss"]
[EventRounds "9"]
[EventCountry "POL"]
[SourceTitle "CB02_2024"]
[SourceDate "2024.01.10"]
[SourceVersion "1"]
[SourceVersionDate "2024.01.10"]
[SourceQuality "1"]

1. e4 c5 2. Nf3 Nc6 3. Bb5 Nf6 4. Nc3 Qc7 5. 0-0 Nd4 6. a4 e6 7. Re1 Bd6 8. h3 Nxf3+ 9. Qxf3 Bh2+ 10. Kh1 Be5 11. Bf1 0-0 12. Nb5 Qb8 13. c3 d5 14. exd5 Nxd5 15. d4 cxd4 16. cxd4 Bf6 17. Nc3 Qd6 18. Nxd5 Qxd5 19. Qxd5 exd5 20. Bf4 Be6 1/2-1/2

[Event "AUT-ch"]
[Site "Vienna"]
[Date "2023.07.29"]
[Round "8"]
[White "Bilous, Mykhailo"]
[Black "Baumegger, Siegfried"]
[Result "1-0"]
[WhiteElo "2392"]
[BlackElo "2415"]
[PlyCount "149"]
[EventDate "2023.07.22"]
[EventType "swiss"]
[EventRounds "9"]
[EventCountry "AUT"]
[SourceTitle "CBM 215 Extra"]
[Source "ChessBase"]
[SourceDate "2023.09.30"]
[SourceVersion "1"]
[SourceVersionDate "2023.09.30"]
[SourceQuality "1"]

1. d4 d5 2. c4 c6 3. e3 Nf6 4. Nf3 Bg4 5. h3 Bxf3 6. Qxf3 e6 7. Nc3 Nbd7 8. Bd2 Bb4 9. cxd5 exd5 10. Bd3 0-0 11. 0-0 Re8 12. Rfc1 Qe7 13. a3 Bd6 14. Be1 Ne4 15. Rc2 Rad8 16. Rac1 g6 17. b4 a6 18. Na4 Bb8 19. Nc5 Ndxc5 20. bxc5 Qc7 21. g3 Qd7 22. h4 Re7 23. Rb1 Rde8 24. Rcb2 b5 25. cxb6 Nxg3 26. fxg3 Rxe3 27. Qf1 Qg4 28. Rg2 Qxd4 29. Bf2 Qxd3 30. Bxe3 Qxe3+ 31. Qf2 c5 32. Qxe3 Rxe3 33. Kf1 Rxa3 34. Re2 Kf8 35. Rbe1 Bd6 36. Re8+ Kg7 37. Rb1 Rxg3 38. b7 Rh3 39. Rb6 Bf4 40. b8Q Bxb8 41. Rexb8 c4 42. Rc8 c3 43. Rd6 Rd3 44. h5 d4 45. Rc4 a5 46. Rdxd4 Rh3 47. hxg6 hxg6 48. Kg2 Re3 49. Kf2 Rh3 50. Rd1 Rh2+ 51. Kg3 Ra2 52. Rxc3 Kh6 53. Rdd3 Rb2 54. Rc5 a4 55. Ra3 f5 56. Rc4 Kg5 57. Rcxa4 Rb1 58. Rc4 Kh5 59. Rc2 Rb6 60. Kf4 Rb4+ 61. Kf3 Rb6 62. Rh2+ Kg5 63. Rc3 Ra6 64. Rhc2 Rb6 65. Kg3 Ra6 66. Rc6 Ra4 67. Kh2 Kh5 68. R6c3 Ra6 69. Rc8 Kh6 70. R8c6 Ra8 71. Rg2 Rg8 72. Rf6 Kh5 73. Kg1 Kh6 74. Kf2 Kh7 75. Kf3 1-0

[Event "AUT-chT 2223"]
[Site "Austria"]
[Date "2023.03.24"]
[Round "6.5"]
[White "Baumegger, Siegfried"]
[Black "Ragger, Markus"]
[Result "1/2-1/2"]
[WhiteElo "2440"]
[BlackElo "2632"]
[PlyCount "94"]
[EventDate "2022.11.03"]
[EventType "team-tourn"]
[EventRounds "11"]
[EventCountry "AUT"]
[SourceTitle "CBM 213 Extra"]
[Source "ChessBase"]
[SourceDate "2023.05.31"]
[SourceVersion "1"]
[SourceVersionDate "2023.05.31"]
[SourceQuality "1"]
[WhiteTeam "Tschaturanga"]
[BlackTeam "Maria Saal"]
[WhiteTeamCountry "AUT"]
[BlackTeamCountry "AUT"]

1. d4 d5 2. c4 e6 3. Nc3 c5 4. cxd5 cxd4 5. Qa4+ Bd7 6. Qxd4 exd5 7. Qxd5 Nf6 8. Qd1 Bc5 9. Nf3 0-0 10. e3 Qe7 11. Be2 Nc6 12. a3 Rfd8 13. Qc2 Ne5 14. 0-0 Bc6 15. Qf5 Nxf3+ 16. Bxf3 Bxf3 17. gxf3 g6 18. Qg5 Rac8 19. b4 Bd4 20. exd4 Rxc3 21. Bf4 Nd5 22. Qxe7 Nxe7 23. Bg5 Rd7 24. Bxe7 Rxe7 25. Kg2 Rd7 26. Rfe1 Kf8 27. Re3 Rc4 28. Rd1 Rcxd4 29. Rxd4 Rxd4 30. Kg3 b6 31. h4 Rd5 32. f4 Kg7 33. Re7 Rd3+ 34. Re3 Rd7 35. Rc3 Kf6 36. f3 h5 37. Rc4 Ke6 38. b5 Rd3 39. a4 Ra3 40. Rd4 Rc3 41. Re4+ Kf6 42. Kf2 Ra3 43. Kg3 Ra2 44. Kh3 Kf5 45. Kg3 Kf6 46. Kh3 Kg7 47. Kg3 Kf6 1/2-1/2

[Event "Prague op 21st"]
[Site "Prague"]
[Date "2023.01.10"]
[Round "6"]
[White "Baumegger, Siegfried"]
[Black "Neuman, Petr"]
[Result "1/2-1/2"]
[WhiteElo "2439"]
[BlackElo "2393"]
[PlyCount "26"]
[EventDate "2023.01.06"]
[EventType "swiss"]
[EventRounds "9"]
[EventCountry "CZE"]
[SourceTitle "CBM 212 Extra"]
[Source "ChessBase"]
[SourceDate "2023.03.31"]
[SourceVersion "1"]
[SourceVersionDate "2023.03.31"]
[SourceQuality "1"]

1. d4 d5 2. c4 c6 3. Nf3 Nf6 4. Nc3 a6 5. cxd5 cxd5 6. Bf4 Nc6 7. Ne5 e6 8. e3 Nxe5 9. Bxe5 Bd6 10. Bd3 b5 11. 0-0 Bb7 12. Rc1 0-0 13. Qf3 Rc8 1/2-1/2

[Event "AUT-chT 2223"]
[Site "Austria"]
[Date "2022.11.05"]
[Round "3.1"]
[White "Baumegger, Siegfried"]
[Black "Idani, Pouya"]
[Result "0-1"]
[WhiteElo "2440"]
[BlackElo "2631"]
[PlyCount "56"]
[EventDate "2022.11.03"]
[EventType "team-tourn"]
[EventRounds "11"]
[EventCountry "AUT"]
[SourceTitle "EXT 2024"]
[Source "ChessBase"]
[SourceDate "2023.10.10"]
[SourceVersion "1"]
[SourceVersionDate "2023.10.10"]
[SourceQuality "1"]
[WhiteTeam "Tschaturanga"]
[BlackTeam "Raika Feffernitz"]
[WhiteTeamCountry "AUT"]
[BlackTeamCountry "AUT"]

1. e4 c6 2. d4 d5 3. exd5 cxd5 4. c4 Nf6 5. Nc3 g6 6. cxd5 Bg7 7. Bc4 0-0 8. Nge2 Na6 9. Bg5 Nc7 10. Bxf6 Bxf6 11. 0-0 Ne8 12. Bb3 Nd6 13. Re1 b5 14. Ng3 Qb6 15. Qd2 a5 16. a3 a4 17. Ba2 Qxd4 18. Qxd4 Bxd4 19. Rxe7 b4 20. axb4 a3 21. Bb3 Bg4 22. Ree1 axb2 23. Rxa8 Rxa8 24. Nb1 Rc8 25. Kf1 Rb8 26. Ne4 Nxe4 27. Rxe4 Bf5 28. Rxd4 Bxb1 0-1

[Event "Vienna GM Feb"]
[Site "Vienna"]
[Date "2022.02.21"]
[Round "5"]
[White "Horvath, Dominik"]
[Black "Baumegger, Siegfried"]
[Result "1-0"]
[WhiteElo "2483"]
[BlackElo "2464"]
[PlyCount "81"]
[EventDate "2022.02.17"]
[EventType "tourn"]
[EventRounds "9"]
[EventCountry "AUT"]
[EventCategory "9"]
[SourceTitle "CBM 207 Extra"]
[Source "ChessBase"]
[SourceDate "2022.05.31"]
[SourceVersion "1"]
[SourceVersionDate "2022.05.31"]
[SourceQuality "1"]

1. e4 c5 2. c3 e5 3. Nf3 Nc6 4. Bc4 Nf6 5. d4 cxd4 6. Ng5 d5 7. exd5 b5 8. Bxb5 Qxd5 9. Qb3 Bd7 10. Qxd5 Nxd5 11. Bc4 Be6 12. Nxe6 fxe6 13. 0-0 Bc5 14. Nd2 dxc3 15. Bb5 Rc8 16. Ne4 Be7 17. bxc3 0-0 18. Bd2 Rfd8 19. Rfd1 Na5 20. Rac1 Nc4 21. Bg5 Bf6 22. Nxf6+ gxf6 23. Bxf6 Nxf6 24. Rxd8+ Rxd8 25. Bxc4 Kf7 26. Rb1 Rd2 27. Rb7+ Kg6 28. h3 Ne4 29. Rxa7 Nxf2 30. Re7 Nd1 31. Bxe6 Ne3 32. a4 Rxg2+ 33. Kh1 Kf6 34. Re8 Rc2 35. Bc8 Rxc3 36. a5 Ra3 37. a6 Nc4 38. h4 Kf7 39. Re6 Ra2 40. Rc6 Nd2 41. Be6+ 1-0

[Event "AUT-ch Zwisch Internet"]
[Site "Playchess.com INT"]
[Date "2020.05.02"]
[Round "2"]
[White "Baumegger, Siegfried"]
[Black "Exler, Veronika"]
[Result "1-0"]
[WhiteElo "2441"]
[BlackElo "2155"]
[PlyCount "85"]
[EventDate "2020.05.02"]
[EventType "swiss (blitz)"]
[EventRounds "13"]
[EventCountry "AUT"]
[SourceTitle "CBM 195 Extra"]
[Source "ChessBase"]
[SourceDate "2020.05.31"]
[SourceVersion "1"]
[SourceVersionDate "2020.05.31"]
[SourceQuality "1"]

1. e4 c6 2. Nc3 d5 3. Nf3 Nf6 4. e5 Ne4 5. Ne2 Qb6 6. d4 e6 7. Ng3 c5 8. Bd3 Nxg3 9. fxg3 Nc6 10. 0-0 h6 11. dxc5 Bxc5+ 12. Kh1 Bd7 13. c3 d4 14. b4 Be7 15. b5 Na5 16. Nxd4 Bc5 17. Qg4 Bxd4 18. cxd4 Bxb5 19. Qxg7 0-0-0 20. Bxb5 Qxb5 21. Ba3 Kb8 22. Bd6+ Ka8 23. Rxf7 Nc4 24. Raf1 Nxd6 25. exd6 Rhg8 26. Qxg8 Rxg8 27. Rf8+ Qe8 28. Rxe8+ Rxe8 29. Rf6 Rd8 30. Rxe6 b6 31. Rxh6 Kb7 32. h4 Kc6 33. h5 Kd5 34. Rg6 b5 35. h6 a5 36. h7 Rh8 37. Rh6 b4 38. d7 a4 39. d8Q+ Rxd8 40. h8Q Rxh8 41. Rxh8 b3 42. axb3 axb3 43. Rb8 1-0

[Event "AUT-ch Zwisch Internet"]
[Site "Playchess.com INT"]
[Date "2020.05.02"]
[Round "7"]
[White "Leisch, Lukas"]
[Black "Baumegger, Siegfried"]
[Result "1/2-1/2"]
[WhiteElo "2362"]
[BlackElo "2441"]
[PlyCount "186"]
[EventDate "2020.05.02"]
[EventType "swiss (blitz)"]
[EventRounds "13"]
[EventCountry "AUT"]
[SourceTitle "CBM 195 Extra"]
[Source "ChessBase"]
[SourceDate "2020.05.31"]
[SourceVersion "1"]
[SourceVersionDate "2020.05.31"]
[SourceQuality "1"]

1. c4 e6 2. Nc3 Bb4 3. Qc2 c5 4. a3 Bxc3 5. Qxc3 Nf6 6. Nf3 b6 7. g3 Bb7 8. Bg2 0-0 9. 0-0 d6 10. b4 Nbd7 11. Bb2 Qe7 12. d4 Be4 13. dxc5 dxc5 14. b5 a5 15. Rad1 Rfd8 16. Ne5 Bxg2 17. Kxg2 Nxe5 18. Qxe5 Qb7+ 19. f3 Ne8 20. h4 Rd7 21. h5 h6 22. g4 Rad8 23. Rxd7 Qxd7 24. g5 hxg5 25. Qxg5 Qd2 26. Qe5 Rd6 27. Bc1 Qd4 28. Qg5 Qxc4 29. Qe7 Qxe2+ 30. Rf2 Qe5 31. Qxe8+ Kh7 32. Qxf7 Rd5 33. Qg6+ Kg8 34. Bb2 Qg5+ 35. Qxg5 Rxg5+ 36. Kf1 Rxh5 37. Rg2 e5 38. f4 exf4 39. Rxg7+ Kf8 40. Rg6 Rh2 41. Be5 Ra2 42. Rxb6 Rxa3 43. Rc6 Ke8 44. Rxc5 f3 45. b6 Rb3 46. Bc7 a4 47. Ra5 a3 48. Kf2 Kd7 49. Ra7 Kc8 50. Bd6 Rxb6 51. Bxa3 Rb7 52. Ra4 Rf7 53. Rc4+ Kd7 54. Bc1 Ke6 55. Bf4 Kd5 56. Ra4 Kc6 57. Kxf3 Kb5 58. Rd4 Kc5 59. Rd1 Kc4 60. Ke4 Rh7 61. Rc1+ Kb5 62. Kd5 Rh5+ 63. Be5 Rg5 64. Rb1+ Ka5 65. Rb8 Rh5 66. Kd4 Ka6 67. Rb1 Rg5 68. Bd6 Rb5 69. Rh1 Rb2 70. Bc5 Kb5 71. Rh5 Rd2+ 72. Kc3 Rd7 73. Bb4+ Kc6 74. Rh6+ Kd5 75. Rh1 Rc7+ 76. Kd3 Rb7 77. Rh5+ Ke6 78. Bc5 Rb1 79. Ke4 Re1+ 80. Be3 Re2 81. Re5+ Kd7 82. Kd5 Re1 83. Re4 Rd1+ 84. Bd4 Rd2 85. Re3 Rd1 86. Ra3 Rd2 87. Ra7+ Kd8 88. Ke5 Kc8 89. Bc5 Rd7 90. Ra8+ Kc7 91. Bd6+ Rxd6 92. Ra7+ Kb6 93. Kxd6 Kxa7 1/2-1/2

[Event "AUT-ch Zwisch Internet"]
[Site "Playchess.com INT"]
[Date "2020.05.02"]
[Round "10"]
[White "Peyrer, Konstantin"]
[Black "Baumegger, Siegfried"]
[Result "0-1"]
[WhiteElo "2265"]
[BlackElo "2441"]
[PlyCount "76"]
[EventDate "2020.05.02"]
[EventType "swiss (blitz)"]
[EventRounds "13"]
[EventCountry "AUT"]
[SourceTitle "CBM 195 Extra"]
[Source "ChessBase"]
[SourceDate "2020.05.31"]
[SourceVersion "1"]
[SourceVersionDate "2020.05.31"]
[SourceQuality "1"]

1. e4 c5 2. Nf3 e6 3. d4 cxd4 4. Nxd4 Qb6 5. Nb3 Qc7 6. Nc3 a6 7. Be3 b5 8. Be2 Nf6 9. 0-0 d6 10. Bf3 Bb7 11. Qd3 Nbd7 12. Be2 Ne5 13. Qd4 Rc8 14. f3 Be7 15. a4 Nc6 16. Qd2 b4 17. Na2 a5 18. c3 d5 19. Bb5 0-0 20. Nc5 dxe4 21. Nxb7 Qxb7 22. Qe2 exf3 23. Rxf3 Ne5 24. Rff1 Neg4 25. Bg5 Qc7 26. Bf4 Bd6 27. Bxd6 Qxd6 28. g3 Qc5+ 29. Kg2 Ne3+ 30. Kg1 Nxf1+ 31. Kxf1 b3 32. Nc1 Rfd8 33. Nxb3 Qd5 34. c4 Qh1+ 35. Kf2 Qxh2+ 36. Kf3 Qh5+ 37. Kf2 Ng4+ 38. Kg1 Rd3 0-1